|
|
|
|
| LEADER |
00652cam a2200205ua 4500 |
| 008 |
090606t2006||||||||||| 001 ||eng c |
| 020 |
|
|
|a 0-19-568156-8
|
| 041 |
0 |
|
|a eng
|
| 082 |
|
|
|a 808.066 9
|b PRA/P
|
| 245 |
0 |
0 |
|a Politics of time: primitives and history-writing in a colonial society /
|
| 260 |
|
|
|a New Delhi:
|b OUP,
|c 2006.
|
| 300 |
|
|
|a ix, 273p..
|
| 362 |
1 |
|
|a 2006.
|
| 365 |
|
|
|a Rs.595/-
|e hb
|
| 500 |
|
|
|a Includes index.
|
| 650 |
0 |
|
|a Literature
|
| 700 |
0 |
2 |
|a Prathama Banerjee,
|
| 942 |
|
|
|c BK
|
| 999 |
|
|
|c 21082
|d 21082
|
| 952 |
|
|
|0 0
|1 0
|4 0
|6 808_066000000000000_9_PRA
|7 0
|9 22259
|a KUCL
|b KUCL
|d 2014-05-23
|l 0
|o 808.066 9 PRA/
|p 21426
|r 2014-05-23
|w 2014-05-23
|y BK
|